Internet & Java Programming / (Record no. 396)
[ view plain ]
| 000 -LEADER | |
|---|---|
| fixed length control field | 00685nam a22002297a 4500 |
| 001 - CONTROL NUMBER | |
| control field | 396 |
| 003 - CONTROL NUMBER IDENTIFIER | |
| rucl marc code | BD-RjUL |
| 005 - DATE AND TIME OF LATEST TRANSACTION | |
| control field | 20211208233153.0 |
| 008 - FIXED-LENGTH DATA ELEMENTS--GENERAL INFORMATION | |
| fixed length control field | 131118m20062002ii ||||| |||| 001 0 eng d |
| 020 ## - INTERNATIONAL STANDARD BOOK NUMBER | |
| International Standard Book Number | 8122413528 |
| 035 ## - SYSTEM CONTROL NUMBER | |
| System control number | (BD-RjUL)413 |
| 040 ## - CATALOGING SOURCE | |
| Original cataloging agency | BD-RjUL |
| Language of cataloging | eng |
| Transcribing agency | BD-RjUL |
| Modifying agency | BD-RjUL |
| 041 ## - LANGUAGE CODE | |
| Language code of text/sound track or separate title | eng |
| 082 04 - DEWEY DECIMAL CLASSIFICATION NUMBER | |
| Edition number | 19 |
| Author mark and year | KRI 2006 |
| Classification number | 005.3 |
| 100 1# - MAIN ENTRY--PERSONAL NAME | |
| Personal name | Krishnamoorthy, R. |
| 9 (RLIN) | 1243 |
| 245 10 - TITLE STATEMENT | |
| Title | Internet & Java Programming / |
| Statement of responsibility, etc. | R. Krishnamoorthy, S. Prabhu. |
| 260 ## - PUBLICATION, DISTRIBUTION, ETC. (IMPRINT) | |
| Place of publication, distribution, etc. | New Dhlhi : |
| Name of publisher, distributor, etc. | Nwe age international limited, |
| Date of publication, distribution, etc. | c2002 [Reprinted 2006] |
| 300 ## - PHYSICAL DESCRIPTION | |
| Pagination | xv, 462p. ; |
| Size | 22 cm. |
| 650 ## - SUBJECT ADDED ENTRY--TOPICAL TERM | |
| Source of heading or term | SLSH |
| Topical term or geographic name as entry element | Java (Computer program language). |
| 9 (RLIN) | 1336 |
| 700 1# - ADDED ENTRY--PERSONAL NAME | |
| Personal name | Prabhu, S. |
| 942 ## - ADDED ENTRY ELEMENTS (KOHA) | |
| Source of classification or shelving scheme | Dewey Decimal Classification |
| Koha item type | Books |
| Lost status | Source of classification or shelving scheme | Damaged status | Not for loan | Collection code | Permanent Location | Current Location | Shelving location | Date acquired | Source of acquisition | Cost, normal purchase price | Total Checkouts | Full call number | Date last seen | Copy number | Koha item type |
|---|---|---|---|---|---|---|---|---|---|---|---|---|---|---|---|
| Dewey Decimal Classification | Non-fiction | Central Library, University of Rajshahi | Central Library, University of Rajshahi | 24/05/2008 | Paragon Enterprises | 225.00 | 005.3 KRI 2006 | 18/11/2013 | C-3 | Books | |||||
| Dewey Decimal Classification | Non-fiction | Central Library, University of Rajshahi | Central Library, University of Rajshahi | 24/05/2008 | Dhaka,Paragon Enterprise Lit., | 225.00 | 005.3 KRI 2006 | 07/11/2016 | C-2 | Books | |||||
| Dewey Decimal Classification | Not For Loan | Non-fiction | Central Library, University of Rajshahi | Central Library, University of Rajshahi | Reading Room | Paragon Enterprises | 225.00 | 005.3 KRI 2006 | 14/03/2017 | C-1 | Books |